| 000 | 007080000a22002290004500 | ||
|---|---|---|---|
| 003 | LK-CoMWRAF | ||
| 005 | 20231106175115.0 | ||
| 008 | 230817t2001 ||||| |||| 00| 0 eng d | ||
| 020 | _a8178290197 | ||
| 040 |
_aLK-CoMWRAF _dLK-CoMWRAF _eLK-CoMWRAF |
||
| 041 | _aeng | ||
| 082 |
_a305.4 _bWOM |
||
| 245 |
_aWomen, War and Peace in South Asia: _bbeyond victimhood to agency |
||
| 260 |
_aNew Delhi: _bSage Publications, _c2001 |
||
| 300 |
_a304 p. ; 23 cm _bIndex included |
||
| 650 | _aWOMEN AND PEACE-South Asia | ||
| 650 | _aWomen and war-South Asia | ||
| 650 | _aWomen-Political activity-South Asia | ||
| 650 | _aWomen-South Asia-Social conditions | ||
| 700 |
_aManchanda,, Rita _eed. |
||
| 942 | _cBK | ||
| 999 |
_c2209 _d2209 |
||